[Event "Chioggia op-B 04th"]
[Site "Chioggia"]
[Date "2009.10.11"]
[Round "4"]
[White "Bortolotto, Denzio"]
[Black "Grossi, Christian"]
[Result "1/2-1/2"]
[WhiteElo "1727"]
[BlackElo "1440"]
[PlyCount "111"]
[EventDate "2009.10.09"]
[EventType "swiss"]
[EventRounds "5"]
[EventCountry "ITA"]
[SourceTitle "EXT 2022"]
[Source "ChessBase"]
[SourceDate "2021.10.06"]
[SourceVersion "1"]
[SourceVersionDate "2021.10.06"]
[SourceQuality "1"]

1. d4 d5 2. c4 c6 3. e3 Nf6 4. Nc3 e6 5. Nf3 Nbd7 6. Qc2 Be7 7. Bd3 dxc4 8. Bxc4 h6 9. 0-0 Bd6 10. Qe2 0-0 11. Rd1 Nb6 12. Bb3 Qe7 13. Bc2 e5 14. dxe5 Bxe5 15. Nxe5 Qxe5 16. f3 Be6 17. e4 Qa5 18. Bf4 Rfe8 19. Bg3 Nc4 20. Bb3 Nb6 21. Bxe6 Rxe6 22. Rd4 Rae8 23. Qd2 Qg5 24. Qxg5 hxg5 25. Bf2 g4 26. Rb4 gxf3 27. gxf3 Nfd7 28. Be3 Rg6+ 29. Kf2 c5 30. Rb3 Ne5 31. Rd1 c4 32. Rb5 Rf6 33. Bd4 Nd3+ 34. Rxd3 cxd3 35. Bxf6 gxf6 36. Nd5 Nxd5 37. Rxd5 Rc8 38. Ke3 Rc2 39. Rxd3 Rxb2 40. Ra3 a6 41. h4 Rh2 42. Rb3 Rxh4 43. Rxb7 Rh2 44. Rb6 Rxa2 45. Rxf6 Kg7 46. Rd6 a5 47. Kf4 a4 48. Ra6 a3 49. Kf5 Ra1 50. f4 a2 51. e5 Kg8 52. Kf6 Rf1 53. Ra8+ Kh7 54. Rxa2 Rxf4+ 55. Ke7 Kg6 56. Rg2+ 1/2-1/2